The Harbrace guide to writing / (Record no. 53635)

MARC details
000 -LEADER
fixed length control field 00653nam a22001937a 4500
008 - FIXED-LENGTH DATA ELEMENTS--GENERAL INFORMATION
fixed length control field 181008b xxu||||| |||| 00| 0 eng d
020 ## - INTERNATIONAL STANDARD BOOK NUMBER
International Standard Book Number 9780495903994
050 ## - LIBRARY OF CONGRESS CALL NUMBER
Classification number PE1417
Item number .G54 2012
100 ## - MAIN ENTRY--PERSONAL NAME
Personal name Glenn, Cheryl
245 ## - TITLE STATEMENT
Title The Harbrace guide to writing /
Statement of responsibility, etc Cheryl Glenn
250 ## - EDITION STATEMENT
Edition statement 2nd ed
260 ## - PUBLICATION, DISTRIBUTION, ETC. (IMPRINT)
Place of publication, distribution, etc Boston, MA :
Name of publisher, distributor, etc Cengage Learning,
Date of publication, distribution, etc c2012
300 ## - PHYSICAL DESCRIPTION
Extent xl, 679 p. :
Other physical details ill. (some col.) ;
Dimensions 25 cm
650 ## - SUBJECT ADDED ENTRY--TOPICAL TERM
Topical term or geographic name as entry element College readers
650 ## - SUBJECT ADDED ENTRY--TOPICAL TERM
Topical term or geographic name as entry element English language
Form subdivision Problems, exercises, etc
General subdivision Rhetoric
650 ## - SUBJECT ADDED ENTRY--TOPICAL TERM
Topical term or geographic name as entry element Report writing
Form subdivision Problems, exercises, etc
650 ## - SUBJECT ADDED ENTRY--TOPICAL TERM
Topical term or geographic name as entry element Critical thinking
Form subdivision Problems, exercises, etc
942 ## - ADDED ENTRY ELEMENTS (KOHA)
Source of classification or shelving scheme Library of Congress Classification
Item type Book
Holdings
Withdrawn status Lost status Source of classification or shelving scheme Damaged status Not for loan Collection code Home library Current library Shelving location Date acquired Source of acquisition Cost, normal purchase price Full call number Barcode Date last seen Copy number Price effective from Koha item type
    Library of Congress Classification     Non-fiction Nairobi Campus Nairobi Campus General Circulation 08/10/2018 Donation-BFA 1893.00 PE1417 .G54 2012 060277 08/10/2018 1 08/10/2018 Book